| 000 | 00480nam a2200169Ia 4500 | ||
|---|---|---|---|
| 008 | 210716s2001 xx 000 0 und d | ||
| 020 | _a9780521670524 | ||
| 041 | _aeng | ||
| 082 | _a005.82 GOLO | ||
| 100 | _aGoldreich, Oded. | ||
| 245 |
_aFoundations of cryptography: basic applications. _bBasic applications. |
||
| 250 | _a1 | ||
| 260 |
_aNew York _bCambridge University Press _c2001 |
||
| 300 | _axxii,372 | ||
| 440 | _vI | ||
| 650 | _aCryptography-Data encryption(005.82) | ||
| 999 |
_c191433 _d191433 |
||